000 00799cam a2200229 4500
001 D7128
008 090401t1983 xxu||||| |||| 00| 0 eng d
020 _a0419121005
035 _a(Sirsi) u5309
041 _aeng
050 _a623.8938
_c18
050 _a620.25
100 _aMilne, P. H.
245 _aUnderwater acoustic positioning systems
260 _aLondon
_bE and F N Spon
_c1983
300 _ax, 284p.
_c25cm
350 _a25
520 _aA detailed examination of underwater acoustic position fixing considering, theory, computations, corrections and the systems available. The use of these systems in seabed surveys, offshore development and offshore platform maintenance and inspection is also discussed.
690 _aHydrography
_96245
942 _n0
948 _c04/03/1997
999 _c86156
_d86156